000 00246nmm a2200097Ia 4500
008 220120s9999||||xx |||||||||||||||||und||
082 _a621.3827 AGR
100 _aAgrawal, Govind, P.
245 0 _aFiber optic communication systems
260 _c2002
999 _c139029
_d139029